Aku ada wali
| Main Author: | |
|---|---|
| Other Authors: | |
| Format: | Book |
| Published: |
Gombak :
Sebarkan Bahagia Resources ,
201
|
| Subjects: |
MARC
| LEADER | 00000cam a2200000 7i4500 | ||
|---|---|---|---|
| 001 | 0000183412 | ||
| 005 | 20141205.0 | ||
| 020 | |a 978967118920 | ||
| 090 | 0 | 0 | |a F |b FAT |
| 100 | 0 | |a Fatimah Syarha Mohd Noordin | |
| 245 | 1 | 0 | |a Aku ada wali |c Fatimah Syarha Mohd Noordin, Dr. Farhan Hadi Mohd Taib |
| 260 | |a Gombak : |b Sebarkan Bahagia Resources , |c 201 | ||
| 300 | |a 494p. ; |c 21cm. | ||
| 650 | 0 | |a Malay fiction | |
| 700 | 0 | |a Farhan Hadi Mohd Taib , |c Dr | |
| 999 | |a 00302006 |b BUKU |c PINJAMAN |e PERPUSTAKAAN KOMUNITI PETALING JAYA | ||